000 00457nmm a2200157Ia 4500
008 251105s9999||||xx |||||||||||||||||und||
020 _a9789560001214
041 _aspa
100 _aLecannelier, Felipe
245 0 _aApego e intersubjetividad, segunda parte
264 _a[Santiago de Chile, Chile] :
_bLOM Ediciones,
_c2009
300 _a268 páginas
650 _aPsychology
856 _uhttps://public.digitaliapublishing.com/a/18276
942 _cCF
999 _c93414
_d93414